BIBLIOTECA

SENCICO

Arquitectura virreynal de la Iglesia y Convento de Santo Domingo / (Registro nro. 5036)

Detalles MARC
000 -LEADER
fixed length control field 01630nam a22002777a 4500
003 - CONTROL NUMBER IDENTIFIER
control field PE SENCICO BE
005 - DATE AND TIME OF LATEST TRANSACTION
control field 20251020182709.0
008 - FIXED-LENGTH DATA ELEMENTS--GENERAL INFORMATION
fixed length control field 241227b |||||||| |||| 00| 0 eng d
020 ## - INTERNATIONAL STANDARD BOOK NUMBER
International Standard Book Number 978-612-4088-51-3
040 ## - CATALOGING SOURCE
Original cataloging agency PE SENCICO BE
Transcribing agency PE SENCICO BE
041 ## - LANGUAGE CODE
Language code of text/sound track or separate title spa
082 ## - DEWEY DECIMAL CLASSIFICATION NUMBER
Classification number 720.985
Item number S21
100 1# - MAIN ENTRY--PERSONAL NAME
9 (RLIN) 818
Personal name San Cristóbal Sebastián, Antonio
Relator term autor
245 1# - TITLE STATEMENT
Title Arquitectura virreynal de la Iglesia y Convento de Santo Domingo /
Statement of responsibility, etc. Antonio San Cristóbal Sebastián
250 ## - EDITION STATEMENT
Edition statement 1a ed.
260 ## - PUBLICATION, DISTRIBUTION, ETC.
Place of publication, distribution, etc. Lima :
Name of publisher, distributor, etc. Universidad de San Martín de Porres ;
Date of publication, distribution, etc. 2012
300 ## - PHYSICAL DESCRIPTION
Extent 159 p. :
Other physical details il. col. ;
Dimensions 29 cm.
505 0# - FORMATTED CONTENTS NOTE
Formatted contents note Evolución arquitectónica de la Iglesia de Santo Domingo -- Apertura final del crucero -- La Capilla de Nuestra Señora del Rosario -- Cronología de tres obras arquitectónicas en Santo Domingo -- Dependencias conventuales -- Los claustros en el convento de Santo Domingo -- La Capilla de San Martín de Porres -- La Torre de Santo Domingo de 1659 -- La Segunda Torre de Santo Domingo
520 3# - SUMMARY, ETC.
Summary, etc. Se interpreta en algunos capítulos la cronología exacta, fiel y concordante de la arquitectura dominicana, liberándola de todo dominio ejercicio por la historia sistematizada e insertándola con plena validez en la auténtica historia objetiva de la arquitectura virreinal limeña, cada vez mejor conocida por los análisis estructurales y el recurso a las fuentes documentales.
650 10 - SUBJECT ADDED ENTRY--TOPICAL TERM
9 (RLIN) 363
Topical term or geographic name entry element Historia de la arquitectura
650 20 - SUBJECT ADDED ENTRY--TOPICAL TERM
9 (RLIN) 945
Topical term or geographic name entry element Arquitectura antigua
650 20 - SUBJECT ADDED ENTRY--TOPICAL TERM
9 (RLIN) 380
Topical term or geographic name entry element Arquitectura religiosa
651 10 - SUBJECT ADDED ENTRY--GEOGRAPHIC NAME
9 (RLIN) 661
Geographic name Perú
910 ## - USER-OPTION DATA (OCLC)
User-option data hfp
-- hfp
-- hfp
942 ## - ADDED ENTRY ELEMENTS (KOHA)
Source of classification or shelving scheme Dewey Decimal Classification
Koha item type Libros
Existencias
Fecha de la última vez que lo usaron Pago total Signatura topográfica completa Código de barras Precio efectivo desde Tipo de documento Estado perdido Sistema de clasificación Estado dañado No es para préstamo Retirado Ubicación permanente Ubicación actual Fecha de adquisición Fuente de adquisición
27/12/2024   720.985/S21 BibLima24120035 27/12/2024 Libros   Dewey Decimal Classification       Biblioteca Central Lima Biblioteca Central Lima 18/11/2024 Comprado de la librería Cydma Tech